banner-ar

الزرزوريات : نشأتها وتطويرها فى النثر الاندلسى / (Record no. 41880)

MARC details
000 -الفاتح
حقل البيانات ثابتة الطول 00567nam a2200181Ia 4500
008 - عناصر البيانات ثابتة الطول - معلومات عامة
حقل البيانات ثابتة الطول 140319s9999 xx 000 0 ara d
040 ## - مصدر الفهرسة
وكالة الفهرسة الأصلية GCL /
وكالة النسخ GCL
082 04 - رقم تصنيف ديوى العشرى
رقم التصنيف 811.65
رقم المادة ف ز
100 1# - المدخل الرئيسى - إسم شخصى
الإسم الشخصى فوزى سعد عيسى
245 10 - بيان العنوان
العنوان الزرزوريات : نشأتها وتطويرها فى النثر الاندلسى /
بيان المسئوليه,etc فوزى سعد عيسى
300 ## - الوصف المادى
التعداد 91 ص
490 ## - بيان السلسلة
عنوان السلسلة كتاب
رقم المجلد/ التعيين التسلسلي 0
650 04 - المدخل الاضافى بالموضوع-مصطلح موضوعى
مصطلح موضوعي الشعر العربى - تاريخ ونقد
650 04 - المدخل الاضافى بالموضوع-مصطلح موضوعى
مصطلح موضوعي الزرزوريات
650 04 - المدخل الاضافى بالموضوع-مصطلح موضوعى
مصطلح موضوعي الاندلس - ادب
942 ## - عناصر المدخل الإضافي( كوها)
مصدر التصنيف او مخطط الترفيف Dewey Decimal Classification
Koha [default] item type كتاب
Holdings
حالة التراجع حالة الفقد حالة تلف ليس للاعارة المكان المؤقت الموقع الحالى تاريخ الاكتساب اجمالي اﻻعارات رقم الطلب الباركود تاريخ اخر مشاهدة تاريخ تفعيل السعر نوع وعاء كوها
        مكتبة القاهرة الكبرى مكتبة القاهرة الكبرى 03/26/2014   811.65\ف ز 101133 03/26/2014 03/26/2014 كتاب
        مكتبة القاهرة الكبرى مكتبة القاهرة الكبرى 03/26/2014   811.65\ف ز 101134 03/26/2014 03/26/2014 كتاب
        مكتبة القاهرة الكبرى مكتبة القاهرة الكبرى 03/26/2014   811.65\ف ز 101135 03/26/2014 03/26/2014 كتاب

Powered By

EGPV